000 00461nam a2200181Ia 4500
003 GCL
008 140319s9999 xx 000 0 ara d
040 _aGCL /
_cGCL
082 0 4 _a813.03
_bن ج
100 1 _aنجيب محفوظ
245 1 0 _aالطريق /
_cنجيب محفوظ
260 _a[S.N] :
_bمكتبة مصر
300 _a147 ص
490 _a
650 0 4 _aالادب العربى
650 0 4 _aالقصص العربية
942 _2ddc
_cBK
999 _c55364
_d55364